Ātmaja. (Record no. 74424)

MARC details
000 -LEADER
fixed length control field 00502cam a22002171 4500
001 - CONTROL NUMBER
control field sa 67004370
003 - CONTROL NUMBER IDENTIFIER
control field DLC
005 - DATE AND TIME OF LATEST TRANSACTION
control field 20260227112346.0
008 - FIXED-LENGTH DATA ELEMENTS--GENERAL INFORMATION
fixed length control field 890724s1967 ii 000 1 beno
010 ## - LIBRARY OF CONGRESS CONTROL NUMBER
LC control number sa 67004370
035 ## - SYSTEM CONTROL NUMBER
System control number (OCoLC)20061418
040 ## - CATALOGING SOURCE
Original cataloging agency DLC
Transcribing agency WaU
Modifying agency DLC
042 ## - AUTHENTICATION CODE
Authentication code premarc
050 00 - LIBRARY OF CONGRESS CALL NUMBER
Classification number PK1718.B39
Item number A88
100 1# - MAIN ENTRY--PERSONAL NAME
Personal name Basu, Samareśa,
Dates associated with a name 1924-1988.
245 10 - TITLE STATEMENT
Title Ātmaja.
260 ## - PUBLICATION, DISTRIBUTION, ETC.
Date of publication, distribution, etc. [1967]
300 ## - PHYSICAL DESCRIPTION
Extent 132 p.
Dimensions 22 cm.
500 ## - GENERAL NOTE
General note In Bengali.
500 ## - GENERAL NOTE
General note A novel.

No items available.

Powered by Koha